000 00757nam a2200241 4500
001 126216
003 ES-MaACL
005 20230906192758.0
007 t|
008 070214s1969 sp r ||||1| spa d
080 _a623.74(46)"1936/.39"
100 1 _aRello, Salvador.
_996113
245 1 3 _aLa aviación en la guerra de España /
_cSalvador Rello.
260 _aMadrid :
_bSan Martín,
_c1969.
300 _a3 v. (104 ; 81 ; 94 p.) :
_bil. ;
_c15 cm.
490 1 _aAlca ;
_v11, 13-14
650 4 _aEjército del aire-
_zEspaña-
_y1936-1939.
_9173795
830 1 _aAlca ;
_v11, 13-14
_9219099
852 4 _aES-MaACL
_jC-36730
_p(V. 1)
852 4 _aES-MaACL
_jC-42137
_p(V.2)
852 4 _aES-MaACL
_jC-42136
_p(V. 3)
999 _c126216
_d126216